1035 1834 1884 1017 1858 1744 1014 1443 1866 1981 1738 1014 1879 1475 1565 1997 1526 1998 1699 1866 1699 1937 1731 1211 1767 1778 1933 1345 1496 1997 1171 1662 1824 1105 1675 1079 1581 1086 1397 1909 1490 1668 1477 1234 1834 1034 1223 1702 1355 1571 1779 1403 1668 1672 1788 1228 1265 1700 1910 1716 1163 1748 1447 1435 1256 1833 1656 1395 1726 1388 1647 1791 1513 1655 1423 1166 1122 1974 1363 1372 1414 1655 1441 1394 1116 1680 1399 1676 1961 1335 1703 1970 1414 1394 1351 1397 1972 1836 1101 BCNSPRNW ULIB Ver.6.0+V

เปลี่ยนเป็นภาษาไทย

Change to English
 แสดงรายละเอียดบรรณานุกรม
  กลับหน้าหลัก

Brief Record : Get Marc (ISO 2709) : E-mail record : QR code < ปิดหน้าต่าง
LEADER : 00000nam 2200000uu 4500
001    13399111174
003     ULIB
008    110619s2550||||th 000 0 tha d
020    9789740318859
060 04 WY26.5^bส739ส 2550
100 0  สุกัญญา ประจุศิลป
245 10 สารสนเทศทางการพยาบาล =^bNursing informatics /^cสุกัญญา ประจุศิลป
246 31 Nursing informatics
250    พิมพ์ครั้งที่ 1
260    กรุงเทพฯ :^bสำนักพิมพ์แห่งจุฬาลงกรณ์มหาวิทยาลัย,^c2550
300    219 หน้า :^bภาพประกอบ ;^c26 ซม.
650  7 สารสนเทศทางการพยาบาล
650  7 ระบบการจัดเก็บและค้นข้อสนเทศ
945    ^p190^l0^i14101
945    ^p190^l0^i14100
995    เกษร
999    ^aใช้งานได้ทุกระบบ
รายการนี้ยังไม่มีแท็ก
คุณยังไม่ได้ล็อกอิน คุณสามารถมีกิจกรรมร่วมกับเว็บไซต์ได้ แต่ต้องล็อกอินก่อน ::
  ล็อกอิน

รายการสื่อสารสนเทศ

ลำดับที่ ประเภท เลขเรียก/บาร์โค้ด สถานที่ สถานะ
1. วิทยาศาสตร์การแพทย์ และสุขภาพ
วิทยาศาสตร์การแพทย์ และสุขภาพ
WY26.5 ส739ส 2550 ฉ.2 
  Barcode: 14101
ห้องสมุดวิทยาเขตสวรรค์ประชารักษ์
►ส่วนจัดเก็บหนังสือเก่า สปร
บนชั้น
  ขอยืม

รายการใกล้เคียง
    ผู้แต่ง [สุกัญญา ประจุศิลป]

    หัวเรื่อง [สารสนเทศทางการพยาบาล]
    หัวเรื่อง [ระบบการจัดเก็บและค้นข้อสนเทศ]

BibComment


ยังไม่เคยถูกคอมเมนท์

คอมเมนท์ทรัพยากรรายการนี้
  คอมเมนท์: สารสนเทศทางการพยา..


 Copyright 2026. Bcnsprnw @Library